01154nam a22001697a 4500999001700000008004100017050002000058100014100078245031900219260004700538300002200585650003900607650002300646942003400669952013600703952014500839 c30358d30358190520b xxu||||| |||| 00| 0 eng d aL 107b.A2 2001 a International Conference on Transformation of Higher Education Management and Leadership for Efficacy in Africa (2001 : Nairobi, Kenya) aAbstracts of the International Conference on Transformation of Higher Education Management and Leadership for Efficacy in Africa : November 12-16, 2001b November 12-16, 2001 /c International Conference on Transformation of Higher Education Management and Leadership for Efficacy in Africa (2001 : Nairobi, Kenya) aNairobi, Kenya :bKenya University,c2001. aiii,74p. ;c20cm. aEducation, HighervAdministration. aEducation, Higher. 2lcccAFRICANAhL 107 .A2 2001 00102lcc4070aMUCbMUCcAFRd2019-05-20eDonation(Books parlour ltd)l0oL 107 .A2 2001p38780r2019-05-20w2019-05-20yAFRICANA 00102lcc4070aMUCbMUCcGENd2019-05-20eDonation(Books parlour ltd)l2oL 107 .A2 2001p38781r2021-08-13s2021-07-29w2019-05-20yBOOKS